Statistiken für Nennen Sie diesen Bären - Bildquiz

Klicken Sie hier um das Quiz zu spielen!

Allgemein

  • Dieses Quiz wurde 136 mal gespielt
  • Das Durchschnittsergebnis liegt bei 5 aus 9

Antwortstatistiken

Antwort% Korrekt
Eisbär
99%
Braunbär
98%
Großer Panda
98%
Amerikanischer Schwarzbär
89%
Kragenbär
43%
Brillenbär
39%
Lippenbär
19%
Malaienbär
19%
Lippenbär
9%

Verteilung der Resultate

Perzentil nach korrekt beantworteten Fragen

Anzahl Personen mit jedem Resultat

Ihre Resultats-Entwicklung

Sie haben dieses Quiz noch nicht gespielt